Normal view
MARC view
- Iqbal, Zafar
Entry Personal Name
001 - CONTROL NUMBER
- control field: 19103
003 - CONTROL NUMBER IDENTIFIER
- control field: NUST
005 - DATE AND TIME OF LATEST TRANSACTION
- control field: 20190806052425.0
008 - FIXED-LENGTH DATA ELEMENTS
- fixed length control field: 190806|| aca||aabn | a|a d
040 ## - CATALOGING SOURCE
- Original cataloging agency: NUST
- Transcribing agency: NUST
100 ## - HEADING--PERSONAL NAME
- Personal name: Iqbal, Zafar
670 ## - SOURCE DATA FOUND
- Source citation: Work cat.: (NUST): Iqbal, Zafar, GLOBAL COMPETITIVE STRATEGY OF TELENOR IN EMERGING MARKETS OF SOUTH ASIA /, 2012.
